Statistics for Mythical Greek Creatures by Picture

Click here to take the quiz!

General Stats

  • This quiz has been taken 88 times
  • The average score is 9 of 12

Answer Stats

Answer% Correct
Centaur
100%
Pegasus
95%
Cerberus
92%
Griffin
88%
Hydra
86%
Sphinx
85%
Medusa
81%
Minotaur
77%
Harpy
74%
Chimera
66%
Satyr
66%
Giant
8%

Score Distribution

Percentile by Number Answered

Percent of People with Each Score

Your Score History

You have not taken this quiz